[Event "Bratislava Slovan op"]
[Site "Bratislava"]
[Date "2004.05.04"]
[Round "5"]
[White "Miklos, Miroslav"]
[Black "Kucera, Michal"]
[Result "1-0"]
[WhiteElo "1612"]
[BlackElo "1950"]
[PlyCount "61"]
[EventDate "2004.05.??"]
[EventType "swiss"]
[EventRounds "9"]
[EventCountry "SVK"]
[SourceTitle "EXT 2005"]
[Source "ChessBase"]
[SourceDate "2004.11.15"]
[SourceVersion "1"]
[SourceVersionDate "2004.11.15"]
[SourceQuality "1"]

1. e4 c5 2. Nc3 e6 3. Nf3 Nc6 4. d4 cxd4 5. Nxd4 a6 6. a3 d6 7. b4 Be7 8. Be3 Nf6 9. b5 Nxd4 10. Bxd4 e5 11. Be3 Ng4 12. Bd2 Nf6 13. a4 0-0 14. Bd3 Bg4 15. f3 Be6 16. 0-0 d5 17. exd5 Nxd5 18. Nxd5 Bxd5 19. Be3 Bf6 20. c4 e4 21. fxe4 Bxa1 22. exd5 Be5 23. Qh5 f5 24. Rxf5 g6 25. Rxf8+ Qxf8 26. Qxe5 Re8 27. Qd4 axb5 28. cxb5 Qe7 29. Bf2 Qa3 30. g3 Qd6 31. Bc4 1-0

[Event "Bratislava Slovan op"]
[Site "Bratislava"]
[Date "2004.05.02"]
[Round "2"]
[White "Miklos, Miroslav"]
[Black "Mikulas, Dusan"]
[Result "0-1"]
[WhiteElo "1612"]
[BlackElo "2187"]
[PlyCount "78"]
[EventDate "2004.05.??"]
[EventType "swiss"]
[EventRounds "9"]
[EventCountry "SVK"]
[SourceTitle "EXT 2005"]
[Source "ChessBase"]
[SourceDate "2004.11.15"]
[SourceVersion "1"]
[SourceVersionDate "2004.11.15"]
[SourceQuality "1"]

1. e4 e5 2. Nf3 Nc6 3. Bc4 Nf6 4. d4 exd4 5. Ng5 Ne5 6. Qxd4 Nxc4 7. Qxc4 d5 8. exd5 h6 9. Ne4 Nxd5 10. 0-0 Nb6 11. Re1 Be6 12. Qb5+ Qd7 13. Nbc3 0-0-0 14. Be3 a6 15. Qf1 Qc6 16. Bxb6 Bc4 17. Ne2 Qxe4 18. Be3 Bb4 19. c3 Be7 20. Rad1 Qc2 21. Rc1 Qxb2 22. g3 Qb5 23. Rb1 Qc6 24. Qh3+ Be6 25. Qh5 g6 26. Qe5 f6 27. Qa5 Rd5 28. Nd4 Qd7 29. Nb5 Rxb5 30. Rxb5 Qxb5 31. Qxb5 axb5 32. Bd4 Kd7 33. Rd1 Bd6 34. Bxf6 Ra8 35. Rb1 Rxa2 36. Rxb5 Bh3 37. c4 Rc2 38. Rb1 Bc5 39. Rd1+ Kc6 0-1